000 00775nam 22002173 4500
001 199964
021 _aPT
_b14598/87
090 _a199964
100 _a20260115d u||y0pory50 ba
200 _aNotícia explicativa da folha 42-D : Aljustrel
_fL. J. G. Schermerhorn, G. Zbyszewski, O. Veiga Ferreira
210 _aLisboa
_cServiços Geológicos de Portugal
_d1987
215 _a55 p.
_cbrochado
_d24 cm
_emapa desdobrável
225 _aCarta geológica de Portugal
606 _915715
_aCiências da terra. Ciências geológicas
675 _a55
_vPT
_zpor
700 _915792
_aSchermerhorn
_bL. J. G.
_f1925-2017
701 _915789
_a Zbyszewski
_bGeorges
_f1909-1999
701 _95690
_aFerreira
_bO.da Veiga
_f1917-1997
801 _aPT
_bBMMN
_gRPC
830 _cVanda
990 _cLIVROS